| 000 | 00333 a2200133 4500 | ||
|---|---|---|---|
| 020 | _a9780521696432 | ||
| 090 |
_c5812 _d5812 |
||
| 100 | _aHarold Randall | ||
| 245 |
_aAs Level and A Level _bAccounting |
||
| 260 |
_aIndia _bCambridge University Press _c2008 |
||
| 300 | _a357 p. | ||
| 500 | _aPapercover | ||
| 942 |
_aNBS _cBK _k657 RAN |
||
| 999 |
_c348211 _d348211 |
||